000
00310nam a2200121 a 4500
008
100917s1982|||| d
245
1
0
_a
Prekliatí králi
_b
Železný kráľ
100
1
_a
Druon, Maurice
260
_b
Slovenský spisovateľ
_a
Bratislava
_c
1982
020
_c
17
044
_a
xo
_c
SK
041
_a
slo
999
_c
10490
_d
10490